| 000 | 00788cab a2200193 4500 | ||
|---|---|---|---|
| 001 | ABS44588 | ||
| 008 | 090401t1991 xxu||||| |||| 00| 0 eng d | ||
| 035 | _a(Sirsi) u47900 | ||
| 041 | _aeng | ||
| 100 | _aSimpson, B. | ||
| 245 | _aAssessing the impact | ||
| 260 | _c1991 | ||
| 350 | _a0 | ||
| 490 |
_aSurveyor _v175(5140) 9 May 1991 14-15(2) |
||
| 520 | _aThough environmental assessment practice in transport planning has been formalised in the Manual of Environmental Appraisal and an EC directive has been issued, there is plenty ofroom forimprovement. The article considers the arguments for broadening the scope of the legislation, or conversely, applying the existing rules more effectively. | ||
| 690 | _aTRANSPORT AND COMMUNICATIONS | ||
| 942 | _n0 | ||
| 948 | _c04/03/1997 | ||
| 999 |
_c30134 _d30134 |
||